|
|
|
|
| LEADER |
00000nam0a2200000 4500 |
| 001 |
282882 |
| 005 |
20231101235536.0 |
| 035 |
|
|
|a (RuTPU)RU\TPU\book\306888
|
| 090 |
|
|
|a 282882
|
| 100 |
|
|
|a 20150203d1984 km y0rusy50 ca
|
| 101 |
1 |
|
|a rus
|c scc
|c scr
|
| 102 |
|
|
|a RU
|
| 105 |
|
|
|a a z 001zy
|
| 200 |
1 |
|
|a Влажный воздух: термодинамические свойства и применение
|e пер. с серб.-хорв.
|f Д. Воронец, Д. Козич
|
| 210 |
|
|
|a Москва
|c Энергоатомиздат
|d 1984
|
| 215 |
|
|
|a 136 с.
|c ил.
|e 1 л. диагр.
|
| 320 |
|
|
|a Библиогр.: с. 133
|
| 320 |
|
|
|a Обозначения: с. 132
|
| 606 |
1 |
|
|a Воздух влажный
|x Термодинамические свойства
|2 stltpush
|3 (RuTPU)RU\TPU\subj\32877
|9 55281
|
| 610 |
1 |
|
|a диаграммы состояния
|
| 610 |
1 |
|
|a идеализированные термодинамические изменения
|
| 610 |
1 |
|
|a система влажный воздух-вода
|
| 610 |
1 |
|
|a теплоперенос
|
| 610 |
1 |
|
|a массоперенос
|
| 610 |
1 |
|
|a влажность
|
| 610 |
1 |
|
|a измерение
|
| 675 |
|
|
|a 661.92
|v 4
|
| 700 |
|
1 |
|a Воронец
|b Д.
|g Дмитрий
|
| 701 |
|
1 |
|a Козич
|b Д.
|g Джорже
|
| 801 |
|
1 |
|a RU
|b 63413507
|c 20150203
|
| 801 |
|
2 |
|a RU
|b 63413507
|c 20170804
|g RCR
|
| 942 |
|
|
|c BK
|